logo

Bir Sreshtho Munshi Abdur Rouf Library
Jhenaidah Cadet College

Tiger: (Record no. 11746)

MARC details
000 -LEADER
fixed length control field 00687nam a2200229 a 4500
001 - CONTROL NUMBER
JCCL Control Number 11746
003 - CONTROL NUMBER IDENTIFIER
JCCL marc code BD-JhCC
005 - DATE AND TIME OF LATEST TRANSACTION
control field 20200827121001.0
008 - FIXED-LENGTH DATA ELEMENTS--GENERAL INFORMATION
fixed length control field 200827t2016 ii a|||| ||a| 000 0 eng d
020 ## - INTERNATIONAL STANDARD BOOK NUMBER
International Standard Book Number 9788193237298
035 ## - SYSTEM CONTROL NUMBER
system control number (BD-JhCC)11746
040 ## - CATALOGING SOURCE
Original cataloging agency BD-JhCC
Modifying agency BD-JhCC
041 ## - LANGUAGE CODE
Language code of Book eng
082 ## - DEWEY DECIMAL CLASSIFICATION NUMBER
Classification number 954.80310924
Author mark and Year BRI 2016
100 ## - MAIN ENTRY--PERSONAL NAME
Personal name Brittlebank,Kate
245 ## - TITLE STATEMENT
Title Tiger:
Remainder of title The Life Of Tipu Sultan /
Statement of responsibility, etc Kate Brittlebank.
260 ## - PUBLICATION, DISTRIBUTION, ETC. (IMPRINT)
Place of publication, distribution, etc India:
Name of publisher, distributor, etc Juggernaut;
Date of publication, distribution, etc 2016.
300 ## - PHYSICAL DESCRIPTION
Pagination 163 p. :
Other physical details ill;
Dimensions 20 cm.
651 ## - SUBJECT ADDED ENTRY--GEOGRAPHIC NAME
Geographic name India--Mysore
Relator term India--Karnataka
General subdivision Tipu Sultan, Fath ʻAli, Nawab of Mysore, 1753-1799
Chronological subdivision Kings and rulers
Geographic subdivision India
942 ## - ADDED ENTRY ELEMENTS (KOHA)
Source of classification or shelving scheme Dewey Decimal Classification
Koha item type Books
Holdings
Source of classification or shelving scheme Damaged status Not for loan Home library Current library Shelving location Cost, normal purchase price Total Checkouts Full call number Barcode Date last seen Copy number Koha item type
Dewey Decimal Classification     JCC Rouf Library JCC Rouf Library General Stacks 730.00   954.80310924 BRI 2016 16030 08/27/2020 C-1 Books

JCC Library | Contacts | JCC Home

Last Update on 23 September 2017
Copyright @ 2017-2020 JCC Rouf Library
Rouf Library, Jhenidah Cadet College (JCC), Bangladesh